00501nam a2200193 a 4500001001300000003000900013005001700022008004100039020001000080082001300090100002000103245002300123260005600146300000900202500003500211505002800246650001300274700002000287nice12345678IN_TiNIC20260116015256.0050524s1972 u ka grp 000 0 eng  ac10000a266bDEW aDewey, Margaret aStarting from Here aU KbUnited Soc.For the Propagation of the Goc1972 a128p aincludes index and biblioraphy2 aForeign Parts 1701-1950 aMissions1 aDewey, Margaret